Guess the Country- First and Last Letter - Statistics

General Stats
  • This quiz has been taken 43 times
  • The average score is 9 of 14
Answer Stats
First Answer Last % Correct
L Laos S
92%
I Ireland D
81%
P Poland D
81%
I Iceland D
78%
I Iraq Q
78%
H Honduras S
73%
T Togo O
70%
C Chile E
68%
C Cambodia A
59%
T Tunisia A
54%
S Spain N
49%
S Samoa A
46%
P Philippines S
43%
C Colombia A
27%
No matching quizzes found
Score Distribution
Percent of People with Each Score
Percentile by Number Answered
Your Score History
You have not taken this quiz